[Event "Americana Paulista op"]
[Site "Americana"]
[Date "2013.09.21"]
[Round "4"]
[White "Stamenkovic, Dragan"]
[Black "Vivaldo, Leonardo Vicente"]
[Result "1-0"]
[WhiteElo "2396"]
[BlackElo "2032"]
[PlyCount "51"]
[EventDate "2013.09.20"]
[EventType "swiss"]
[EventRounds "6"]
[EventCountry "BRA"]
[SourceTitle "CBM 156 Extra"]
[Source "ChessBase"]
[SourceDate "2013.10.22"]
[SourceVersion "1"]
[SourceVersionDate "2013.10.22"]
[SourceQuality "1"]

1. d4 d5 2. c4 c6 3. Nf3 Nf6 4. e3 a6 5. Nc3 e6 6. c5 b6 7. cxb6 Nbd7 8. Bd3 c5 9. 0-0 Qxb6 10. b3 Bd6 11. Na4 Qb8 12. Ba3 cxd4 13. Bxd6 Qxd6 14. exd4 0-0 15. Rc1 Ne4 16. Qc2 Bb7 17. Qc7 Rfb8 18. Bxe4 Qxc7 19. Bxh7+ Kxh7 20. Rxc7 Bc8 21. Rfc1 f6 22. R1c6 e5 23. dxe5 fxe5 24. Rd6 d4 25. Nc5 Nxc5 26. Ng5+ 1-0

[Event "JAI op"]
[Site "Sao Caetano do Sul"]
[Date "2009.10.??"]
[Round "4"]
[White "Galego, Luis"]
[Black "Vivaldo, Leonardo Vicente"]
[Result "1-0"]
[WhiteElo "2494"]
[BlackElo "2006"]
[PlyCount "67"]
[EventDate "2009.10.07"]
[EventType "team-tourn"]
[EventRounds "5"]
[EventCountry "BRA"]
[SourceTitle "EXT 2011"]
[Source "ChessBase"]
[SourceDate "2010.11.26"]
[SourceVersion "1"]
[SourceVersionDate "2010.11.26"]
[SourceQuality "1"]
[WhiteTeam "Pindamonhangaba"]
[BlackTeam "Matao"]
[WhiteTeamCountry "BRA"]
[BlackTeamCountry "BRA"]

1. c4 e5 2. Nc3 Nc6 3. g3 g6 4. Bg2 Bg7 5. e3 d6 6. Nge2 f5 7. d4 Nf6 8. b4 0-0 9. b5 Ne7 10. dxe5 dxe5 11. Ba3 Qe8 12. 0-0 Kh8 13. Rc1 Rf7 14. Qb3 g5 15. Nd5 Ng6 16. Rfe1 e4 17. f4 exf3 18. Nxf6 Bxf6 19. Bxf3 a5 20. Bb2 Bxb2 21. Qxb2+ Qe5 22. Qc3 Qxc3 23. Rxc3 Rb8 24. Rd1 Kg7 25. c5 Be6 26. Nd4 Re7 27. Nxe6+ Rxe6 28. Rd7+ Re7 29. c6 b6 30. Rxe7+ Nxe7 31. Rd3 Kf6 32. Rd7 Rc8 33. e4 h6 34. Kf2 1-0

[Event "American Continental 06th"]
[Site "Sao Paulo"]
[Date "2009.07.26"]
[Round "3"]
[White "Vivaldo, Leonardo Vicente"]
[Black "Galati, Mario Augusto"]
[Result "0-1"]
[WhiteElo "2006"]
[BlackElo "2206"]
[PlyCount "90"]
[EventDate "2009.07.25"]
[EventType "swiss"]
[EventRounds "11"]
[EventCountry "BRA"]
[SourceTitle "CBM 132 Extra"]
[Source "ChessBase"]
[SourceDate "2009.11.03"]
[SourceVersion "1"]
[SourceVersionDate "2009.11.03"]
[SourceQuality "1"]

1. e4 c5 2. Nf3 Nc6 3. Bb5 g6 4. Bxc6 bxc6 5. 0-0 Bg7 6. Re1 Nh6 7. c3 0-0 8. d4 cxd4 9. cxd4 d6 10. h3 f6 11. Nc3 Nf7 12. Qc2 Qa5 13. Be3 Qh5 14. Ne2 Qb5 15. Rec1 Bd7 16. Nc3 Qa6 17. Nd2 Rab8 18. b3 Rfc8 19. f4 Rb4 20. f5 e5 21. fxe6 Bxe6 22. Nf3 Bd7 23. Qd2 Rb7 24. Bf4 Re8 25. Qf2 g5 26. Bg3 Qb6 27. Kh1 Bc8 28. Qc2 Qd8 29. Qd3 Rbe7 30. Qc4 Bb7 31. Nd2 Qd7 32. Qa4 g4 33. h4 Bh6 34. Rd1 f5 35. Bf2 fxe4 36. Ndxe4 Qf5 37. Bg3 Rxe4 38. Nxe4 Rxe4 39. Rf1 Qe6 40. Qxa7 Qe7 41. Qb8+ Kg7 42. Rf5 Ba6 43. Ra5 Be2 44. Ra7 Qf6 45. Rb1 Bf4 0-1

[Event "Paulista Interclub-chT"]
[Site "Sao Paolo"]
[Date "2009.03.01"]
[Round "3"]
[White "Prol, Flavio Marques"]
[Black "Vivaldo, Leonardo Vicente"]
[Result "1/2-1/2"]
[WhiteElo "2055"]
[BlackElo "2006"]
[PlyCount "26"]
[EventDate "2009.02.28"]
[EventType "tourn"]
[EventRounds "7"]
[EventCountry "BRA"]
[SourceTitle "CBM 129 Extra"]
[Source "ChessBase"]
[SourceDate "2009.05.05"]
[SourceVersion "2"]
[SourceVersionDate "2009.05.20"]
[SourceQuality "1"]

1. e4 c5 2. Nf3 d6 3. c3 Nf6 4. Be2 Nbd7 5. Qc2 b6 6. d4 e6 7. e5 Nd5 8. Qe4 Be7 9. c4 Nc7 10. Qc6 d5 11. cxd5 exd5 12. e6 0-0 13. Bf4 Nxe6 1/2-1/2

[Event "Paulista Interclub-chT"]
[Site "Sao Paolo"]
[Date "2009.02.28"]
[Round "2"]
[White "Vivaldo, Leonardo Vicente"]
[Black "Coelho, Luis Henrique"]
[Result "1/2-1/2"]
[WhiteElo "2006"]
[BlackElo "2398"]
[PlyCount "74"]
[EventDate "2009.02.28"]
[EventType "tourn"]
[EventRounds "7"]
[EventCountry "BRA"]
[SourceTitle "CBM 129 Extra"]
[Source "ChessBase"]
[SourceDate "2009.05.05"]
[SourceVersion "2"]
[SourceVersionDate "2009.05.20"]
[SourceQuality "1"]

1. e4 c5 2. Nf3 Nc6 3. Bb5 d6 4. 0-0 Bd7 5. Re1 Nf6 6. c3 a6 7. Bf1 Bg4 8. h3 Bh5 9. d3 e6 10. Bg5 Be7 11. Nbd2 0-0 12. a3 d5 13. g4 Bg6 14. Nh4 dxe4 15. dxe4 Nd7 16. Nxg6 hxg6 17. Be3 Nde5 18. Nc4 g5 19. Nxe5 Nxe5 20. Qxd8 Rfxd8 21. Red1 f6 22. Be2 Kf7 23. Rxd8 Rxd8 24. Rd1 Rxd1+ 25. Bxd1 Nc4 26. Bc1 Bd6 27. b3 Ne5 28. Be2 a5 29. Kf1 Ng6 30. Ke1 Bf4 31. Bb2 Ke7 32. Kd1 Kd6 33. Kc2 Bh2 34. Bc1 Bf4 35. Bb2 Bh2 36. Bc1 Nh4 37. a4 Ng6 1/2-1/2

[Event "Paulista-chT Interclubes"]
[Site "Sao Paulo"]
[Date "2008.03.??"]
[Round "4"]
[White "Vivaldo, Leonardo Vicente"]
[Black "Man Yee, Chow"]
[Result "1/2-1/2"]
[WhiteElo "2006"]
[BlackElo "2300"]
[PlyCount "38"]
[EventDate "2008.03.01"]
[EventType "team-tourn"]
[EventRounds "7"]
[EventCountry "BRA"]
[SourceTitle "EXT 2022"]
[Source "ChessBase"]
[SourceDate "2021.10.06"]
[SourceVersion "1"]
[SourceVersionDate "2021.10.06"]
[SourceQuality "1"]
[WhiteTeam "Matao"]
[BlackTeam "Circulo Militar"]
[WhiteTeamCountry "BRA"]
[BlackTeamCountry "BRA"]

1. e4 d5 2. exd5 Nf6 3. Nf3 Nxd5 4. d4 g6 5. c4 Nb6 6. Be2 Bg7 7. Be3 0-0 8. h3 Nc6 9. Nc3 e5 10. dxe5 Nxe5 11. Nxe5 Bxe5 12. Qxd8 Rxd8 13. Rc1 Bf5 14. b3 Bd3 15. f4 Bf6 16. Kf2 Bxe2 17. Kxe2 Re8 18. Kf3 Bxc3 19. Rxc3 Rad8 1/2-1/2

[Event "Americana Paulista Interior"]
[Site "Americana"]
[Date "2007.10.14"]
[Round "5"]
[White "Aoyama, Edmundo"]
[Black "Vivaldo, Leonardo Vicente"]
[Result "1/2-1/2"]
[WhiteElo "1783"]
[BlackElo "2027"]
[PlyCount "50"]
[EventDate "2007.10.12"]
[EventType "swiss"]
[EventRounds "6"]
[EventCountry "BRA"]
[SourceTitle "EXT 2022"]
[Source "ChessBase"]
[SourceDate "2021.10.06"]
[SourceVersion "1"]
[SourceVersionDate "2021.10.06"]
[SourceQuality "1"]

1. c4 c6 2. Nc3 d5 3. cxd5 cxd5 4. d4 Nf6 5. Nf3 Nc6 6. Bf4 a6 7. e3 g6 8. a3 Bg7 9. Bd3 0-0 10. 0-0 h6 11. b4 Nh5 12. Bg3 Nxg3 13. hxg3 e5 14. Nxe5 Nxe5 15. dxe5 d4 16. exd4 Qxd4 17. Rc1 Bxe5 18. Be4 Qxd1 19. Rfxd1 Rb8 20. a4 Bg4 21. Re1 Rfc8 22. Nd5 Rxc1 23. Rxc1 Kg7 24. Ne3 Be6 25. Nd5 Bxd5 1/2-1/2